1775 1282 1816 1044 1981 1024 1951 1248 1528 1990 1759 1832 1205 1453 1217 1607 1938 1567 1973 1325 1530 1055 1188 1324 1637 1043 1719 1594 1752 1925 1516 1960 1421 1206 1137 1346 1882 1149 1706 1787 1788 1738 1706 1430 1378 1426 1887 1347 1913 1702 1085 1719 1450 1037 1341 1498 1655 1634 1567 1819 1419 1840 1631 1614 1741 1595 1362 1794 1181 1969 1656 1651 1703 1672 1348 1214 1735 1073 1240 1911 1001 1808 1818 1176 1433 1521 1611 1399 1456 1583 1562 1572 1852 1663 1331 1073 1078 1696 1483 BCNSPRNW ULIB Ver.6.0+V

เปลี่ยนเป็นภาษาไทย

Change to English
 แสดงรายละเอียดบรรณานุกรม
  กลับหน้าหลัก

Brief Record : Get Marc (ISO 2709) : E-mail record : QR code < ปิดหน้าต่าง
LEADER : 00000nam 2200000uu 4500
001    13399127696
003     ULIB
008    210420s2563||||th 000 0 tha d
020    ^a9789744229250
060  0 ^aวจWT20^bธ469ก
100 0  ^aธัญพร ชื่นกลิ่น
245 00 ^aการประเมินผลการดูแลสุขภาพระยะกลางของผู้สูงอายุในประเทศไทยตามนโยบายของกระทรวงสาธารณสุข /^cธัญพร ชื่นกลิ่น, นงณภัทร รุ่งเนย, นภัส แก้ววิเชียร, เบญจพร สุธรรมชัย, วิชาญ เกิดวิชัย, และศุภสิทธิ์ พรรณารุโณทัย
246 31 ^aThe Evaluation of Intermediate Care for the Elderly in Thailand according to the Ministry of Public Health s Policy
260    ^aกรุงเทพฯ : ^bสำนักงานกิจการโรงพิมพ์ องค์การสงเคราะห์ทหารผ่านศึกในพระบรมราชูปถัมภ์, ^c2563
300    ^a152หน้า
650  7 ^aการดูแลสุขภาพระยะกลาง^xวิจัย
650  7 ^aผู้สูงอายุ
650  7 ^aวิจัย
700 0  ^aนงณภัทร รุ่งเนย
700 0  ^aนภัส แก้ววิเชียร
700 0  ^aเบญจพร สุธรรมชัย
700 0  ^aวิชาญ เกิดวิชัย
700 0  ^aศุภสิทธิ์ พรรณารุโณทัย
945    ^p0^l0^i008021
999    ^aประนอม เกษจรัล
รายการนี้ยังไม่มีแท็ก
คุณยังไม่ได้ล็อกอิน คุณสามารถมีกิจกรรมร่วมกับเว็บไซต์ได้ แต่ต้องล็อกอินก่อน ::
  ล็อกอิน

รายการสื่อสารสนเทศ

ลำดับที่ ประเภท เลขเรียก/บาร์โค้ด สถานที่ สถานะ
1. วิทยาศาสตร์การแพทย์ และสุขภาพ
วิทยาศาสตร์การแพทย์ และสุขภาพ
วจWT20 ธ469ก ฉ.1 
  Barcode: 008021
ห้องสมุดวิทยาเขตสวรรค์ประชารักษ์
►หนังสือทั่วไป
บนชั้น

รายการใกล้เคียง
    หัวเรื่อง [ผู้สูงอายุ]
    หัวเรื่อง [วิจัย]

BibComment


ยังไม่เคยถูกคอมเมนท์

คอมเมนท์ทรัพยากรรายการนี้
  คอมเมนท์: การประเมินผลการด..


 Copyright 2026. Bcnsprnw @Library